| 000 | 00796nas a2200241 4500 | ||
|---|---|---|---|
| 001 | BR7903193 | ||
| 003 | BR-BrBNA | ||
| 005 | 20231205083733.0 | ||
| 007 | ta | ||
| 008 | 230509b bl.|||p| |||| 00| 00por d | ||
| 040 |
_aBR-BrBNA _bpor _cBiblioteca Nacional de Agricultura |
||
| 041 | _a(Pt) | ||
| 072 | _aL50 | ||
| 100 | 1 | _aAbuchab, T.G. | |
| 100 | 1 | _aRodrigues, M.A.L.R. (Instituto Biologico, Sao Paulo, SP (Brazil)) | |
| 245 | 1 | _aEfeitos de compostos poliionicos sobre o metabolismo de celulas da linhagem suina IB-RS-2 | |
| 650 | _aSUÍNO | ||
| 650 | _aMETABOLISMO ANIMAL | ||
| 650 | _aCELULA ANIMAL | ||
| 773 | 0 |
_tArquivos do Instituto Biologico (Brazil) _xISSN 0020-3653 _g(Jan 1978), v. 45(1) p. 1-6 _wBR7903193 |
|
| 909 |
_a202311 _bLúcia _c55 _dLúcia Elande |
||
| 942 |
_2AGRIS _n0 _cANA |
||
| 999 |
_c100880 _d100880 |
||